„Szerelem vitt kettőnket egy halálba” Francesca da Rimini történetének szerelemfilozófiai háttere

Elmentve itt :
Bibliográfiai részletek
Szerző: Kelemen János
Testületi szerző: Lábjegyzetek Platónhoz: A szerelem (2012) (Szeged)
Dokumentumtípus: Könyv része
Megjelent: 2013
Sorozat:Lábjegyzetek Platónhoz 11
A szerelem 11
Kulcsszavak:Szerelem - filozófia, Dante Alighieri, Olasz irodalom - eposz, Irodalomelmélet
Tárgyszavak:
Online Access:http://acta.bibl.u-szeged.hu/49261
LEADER 00958naa a2200241 i 4500
001 acta49261
005 20220107111236.0
008 170724s2013 hu o 0|| hun d
020 |a 978 963 88812 5 0 
022 |a 1785 7082 
040 |a SZTE Egyetemi Kiadványok Repozitórium  |b hun 
041 |a hun 
100 1 |a Kelemen János 
245 1 0 |a „Szerelem vitt kettőnket egy halálba” Francesca da Rimini történetének szerelemfilozófiai háttere  |h [elektronikus dokumentum] /  |c  Kelemen János 
260 |c 2013 
300 |a 113-121 
490 0 |a Lábjegyzetek Platónhoz  |v 11 
490 0 |a A szerelem  |v 11 
650 4 |a Bölcsészettudományok 
650 4 |a Filozófia, etika és vallástudományok 
695 |a Szerelem - filozófia, Dante Alighieri, Olasz irodalom - eposz, Irodalomelmélet 
710 |a Lábjegyzetek Platónhoz: A szerelem (2012) (Szeged) 
856 4 0 |u http://acta.bibl.u-szeged.hu/49261/1/platonhoz_011_113-121.pdf  |z Dokumentum-elérés